Innovative bridge design handbook : (Record no. 21641)
[ view plain ]
| 000 -LEADER | |
|---|---|
| fixed length control field | 00831cam a22002415a 4500 |
| 001 - CONTROL NUMBER | |
| control field | 18616840 |
| 005 - DATE AND TIME OF LATEST TRANSACTION | |
| control field | 20201128023724.0 |
| 008 - FIXED-LENGTH DATA ELEMENTS--GENERAL INFORMATION | |
| fixed length control field | 150513s2016 enka frbd 001 0 eng d |
| 020 ## - INTERNATIONAL STANDARD BOOK NUMBER | |
| International Standard Book Number | 9780128000588 |
| 040 ## - CATALOGING SOURCE | |
| Original cataloging agency | DLC |
| Language of cataloging | eng |
| Transcribing agency | DLC |
| Modifying agency | EG-ScBUE |
| 082 04 - DEWEY DECIMAL CLASSIFICATION NUMBER | |
| Edition number | 22 |
| Classification number | 624.25 |
| Item number | PIP |
| 245 00 - TITLE STATEMENT | |
| Title | Innovative bridge design handbook : |
| Remainder of title | construction, rehabilitation and maintenance / |
| Statement of responsibility, etc | edited by Alessio Pipinato. |
| 260 ## - PUBLICATION, DISTRIBUTION, ETC. (IMPRINT) | |
| Place of publication, distribution, etc | Oxford ; |
| -- | Waltham : |
| Name of publisher, distributor, etc | Butterwoth Heinemann / Elsevier, |
| Date of publication, distribution, etc | c.2016. |
| 300 ## - PHYSICAL DESCRIPTION | |
| Extent | xxxii, 844 p. : |
| Other physical details | ill. ; |
| Dimensions | 23 cm. |
| 500 ## - GENERAL NOTE | |
| General note | Glossary : p. [817]-818. |
| 500 ## - GENERAL NOTE | |
| General note | Index : p. [819]-844. |
| 504 ## - BIBLIOGRAPHY, ETC. NOTE | |
| Bibliography, etc | Includes bibliographical references. |
| 650 #7 - SUBJECT ADDED ENTRY--TOPICAL TERM | |
| Source of heading or term | BUEsh |
| 9 (RLIN) | 2081 |
| Topical term or geographic name as entry element | Bridges |
| General subdivision | Design and construction. |
| 651 ## - SUBJECT ADDED ENTRY--GEOGRAPHIC NAME | |
| Source of heading or term | BUEsh |
| 653 ## - INDEX TERM--UNCONTROLLED | |
| Resource For college | Engineering, Architecture |
| Arrived date list | April2016 |
| 700 ## - ADDED ENTRY--PERSONAL NAME | |
| Personal name | Pipinato, Alessio, |
| Relator term | editor. |
| 942 ## - ADDED ENTRY ELEMENTS (KOHA) | |
| Source of classification or shelving scheme | Dewey Decimal Classification |
| Withdrawn status | Item status | Source of classification or shelving scheme | Damaged status | Not for loan | Vendor | Home library | Current library | Shelving location | Date acquired | Source of acquisition | Cost, normal purchase price | Total Checkouts | Total Renewals | Full call number | Barcode | Date last seen | Date last borrowed | Cost, replacement price | Koha item type |
|---|---|---|---|---|---|---|---|---|---|---|---|---|---|---|---|---|---|---|---|
| Dewey Decimal Classification | Alahram | Central Library | Central Library | First floor | 18/04/2016 | Purchase | 1083.00 | 1 | 4 | 624.25 PIP | 000032372 | 15/07/2025 | 28/09/2022 | 1353.75 | Book - Borrowing |